LEADER 01028nam0 2200313 450 001 000025231 005 20090403100027.0 010 $a88-15-07197-0 010 $a9788815071972 100 $a20090403d1999----km-y0itay50------ba 101 1 $aita$ceng 102 $aIT 105 $aa-------001yy 200 1 $a<>rivoluzione russa$fAnthony Wood 210 $aBologna$cIl mulino$d[1999] 215 $a137 p.$cill.$d21 cm 225 2 $aUniversale paperbacks Il mulino$v365 300 $aTrad. di Giuseppe Balestrino 410 0$12001$aUniversale paperbacks Il mulino 500 10$a<>Russian revolution$m$913701 610 1 $aRivoluzione russa 676 $a947.0841$v21$9Storia. Russia. Rivoluzioni, Alexander Kerensky, V. I. Lenin, 1917-1924 700 1$aWood,$bAnthony$0167807 702 1$aBalestrino,$bGiuseppe 801 0$aIT$bUNIPARTHENOPE$c20090403$gRICA$2UNIMARC 912 $a000025231 951 $a040S/68$b9165$cNAVA2$d2009 996 $aRussian revolution$913701 997 $aUNIPARTHENOPE